10 Highest All-Time DWS Leaders who have Passed Away - Statistics

General Stats
  • This quiz has been taken 2 times
  • The average score is 4 of 10
Answer Stats
DWS Player % Correct
133.64 Bill Russell
100%
56.15 Dolph Schayes
50%
50.66 Kobe Bryant
50%
54.36 Moses Malone
50%
62.23 Nate Thurmond
50%
64.11 Wes Unseld
50%
55.89 Cliff Robinson
0%
47.69 Dave DeBusschere
0%
48.02 Mark Eaton
0%
51.74 Paul Silas
0%
No matching quizzes found
Score Distribution
Percent of People with Each Score
Percentile by Number Answered
Your Score History
You have not taken this quiz